<?xml version="1.0" encoding="UTF-8"?>
<record
    xmlns:xsi="http://www.w3.org/2001/XMLSchema-instance"
    xsi:schemaLocation="http://www.loc.gov/MARC21/slim http://www.loc.gov/standards/marcxml/schema/MARC21slim.xsd"
    xmlns="http://www.loc.gov/MARC21/slim">

  <leader>01764nam a22003257a 4500</leader>
  <controlfield tag="003">NALT</controlfield>
  <controlfield tag="005">20250714142206.0</controlfield>
  <controlfield tag="008">240515b        th ||||| |||| 00| 0 tha d</controlfield>
  <datafield tag="020" ind1=" " ind2=" ">
    <subfield code="a">9786161826246</subfield>
  </datafield>
  <datafield tag="040" ind1=" " ind2=" ">
    <subfield code="a">NALT</subfield>
  </datafield>
  <datafield tag="050" ind1=" " ind2=" ">
    <subfield code="a">BF 575.H27</subfield>
    <subfield code="b">&#xE1E;499&#xE23; 2561</subfield>
  </datafield>
  <datafield tag="100" ind1="1" ind2=" ">
    <subfield code="a">&#xE1E;&#xE31;&#xE01;&#xE41;&#xE0A;-&#xE01;&#xE22;&#xE39;</subfield>
    <subfield code="9">63860</subfield>
  </datafield>
  <datafield tag="245" ind1="1" ind2="0">
    <subfield code="a">&#xE40;&#xE23;&#xE34;&#xE48;&#xE21;&#xE15;&#xE49;&#xE19;&#xE17;&#xE35;&#xE48;&#xE04;&#xE27;&#xE32;&#xE21;&#xE2A;&#xE38;&#xE02; =</subfield>
    <subfield code="b">Happy First /</subfield>
    <subfield code="c">&#xE1E;&#xE31;&#xE01;&#xE41;&#xE0A;-&#xE01;&#xE22;&#xE39;, &#xE40;&#xE02;&#xE35;&#xE22;&#xE19; ; &#xE42;&#xE0B;&#xE0B;&#xE2D;&#xE07;&#xE21;&#xE34;&#xE19;, &#xE27;&#xE32;&#xE14;&#xE20;&#xE32;&#xE1E; ; &#xE27;&#xE34;&#xE17;&#xE34;&#xE22;&#xE32; &#xE08;&#xE31;&#xE19;&#xE17;&#xE23;&#xE4C;&#xE1E;&#xE31;&#xE19;&#xE18;&#xE4C;, &#xE41;&#xE1B;&#xE25;.</subfield>
  </datafield>
  <datafield tag="246" ind1="3" ind2="1">
    <subfield code="a">Happy First.</subfield>
  </datafield>
  <datafield tag="246" ind1="1" ind2="4">
    <subfield code="a">Happy First &#xE40;&#xE23;&#xE34;&#xE48;&#xE21;&#xE15;&#xE49;&#xE19;&#xE17;&#xE35;&#xE48;&#xE04;&#xE27;&#xE32;&#xE21;&#xE2A;&#xE38;&#xE02;.</subfield>
  </datafield>
  <datafield tag="250" ind1=" " ind2=" ">
    <subfield code="a">&#xE1E;&#xE34;&#xE21;&#xE1E;&#xE4C;&#xE04;&#xE23;&#xE31;&#xE49;&#xE07;&#xE17;&#xE35;&#xE48; 6.</subfield>
  </datafield>
  <datafield tag="260" ind1=" " ind2=" ">
    <subfield code="a">&#xE01;&#xE23;&#xE38;&#xE07;&#xE40;&#xE17;&#xE1E;&#xE2F; :</subfield>
    <subfield code="b">&#xE2A;&#xE1B;&#xE23;&#xE34;&#xE07;&#xE1A;&#xE38;&#xE4A;&#xE2A;&#xE4C; &#xE2D;&#xE21;&#xE23;&#xE34;&#xE19;&#xE17;&#xE23;&#xE4C;&#xE1E;&#xE23;&#xE34;&#xE49;&#xE19;&#xE15;&#xE34;&#xE49;&#xE07;&#xE41;&#xE2D;&#xE19;&#xE14;&#xE4C;&#xE1E;&#xE31;&#xE1A;&#xE25;&#xE34;&#xE0A;&#xE0A;&#xE34;&#xE48;&#xE07;,</subfield>
    <subfield code="c">2561.</subfield>
  </datafield>
  <datafield tag="300" ind1=" " ind2=" ">
    <subfield code="a">237 &#xE2B;&#xE19;&#xE49;&#xE32; :</subfield>
    <subfield code="b">&#xE20;&#xE32;&#xE1E;&#xE1B;&#xE23;&#xE30;&#xE01;&#xE2D;&#xE1A; ;</subfield>
    <subfield code="c">21 &#xE0B;&#xE21;.</subfield>
  </datafield>
  <datafield tag="505" ind1="2" ind2=" ">
    <subfield code="a">&#xE08;&#xE32;&#xE01;&#xE16;&#xE19;&#xE19;&#xE40;&#xE14;&#xE34;&#xE19;&#xE40;&#xE25;&#xE48;&#xE19; -- &#xE04;&#xE19;&#xE17;&#xE35;&#xE48;&#xE21;&#xE35;&#xE01;&#xE25;&#xE34;&#xE48;&#xE19;&#xE2B;&#xE2D;&#xE21;&#xE25;&#xE30;&#xE21;&#xE38;&#xE19;&#xE25;&#xE30;&#xE44;&#xE21; -- &#xE08;&#xE38;&#xE14;&#xE2A;&#xE34;&#xE49;&#xE19;&#xE2A;&#xE38;&#xE14;&#xE41;&#xE2B;&#xE48;&#xE07;&#xE23;&#xE39;&#xE1B;&#xE42;&#xE09;&#xE21; -- &#xE40;&#xE1B;&#xE47;&#xE19;&#xE1C;&#xE39;&#xE49;&#xE43;&#xE2B;&#xE0D;&#xE48;&#xE08;&#xE19;&#xE44;&#xE14;&#xE49;.</subfield>
  </datafield>
  <datafield tag="650" ind1=" " ind2="4">
    <subfield code="a">&#xE04;&#xE27;&#xE32;&#xE21;&#xE2A;&#xE38;&#xE02;</subfield>
    <subfield code="9">7434</subfield>
  </datafield>
  <datafield tag="650" ind1=" " ind2="4">
    <subfield code="a">&#xE01;&#xE32;&#xE23;&#xE14;&#xE33;&#xE40;&#xE19;&#xE34;&#xE19;&#xE0A;&#xE35;&#xE27;&#xE34;&#xE15;</subfield>
    <subfield code="9">4418</subfield>
  </datafield>
  <datafield tag="700" ind1="1" ind2=" ">
    <subfield code="a">Park, Jae Kye</subfield>
    <subfield code="9">63868</subfield>
  </datafield>
  <datafield tag="700" ind1="1" ind2=" ">
    <subfield code="a">&#xE42;&#xE0B;&#xE0B;&#xE2D;&#xE07;&#xE21;&#xE34;&#xE19;</subfield>
    <subfield code="9">63867</subfield>
  </datafield>
  <datafield tag="700" ind1="0" ind2=" ">
    <subfield code="a">&#xE27;&#xE34;&#xE17;&#xE34;&#xE22;&#xE32; &#xE08;&#xE31;&#xE19;&#xE17;&#xE23;&#xE4C;&#xE1E;&#xE31;&#xE19;&#xE18;&#xE4C;</subfield>
    <subfield code="9">7285</subfield>
  </datafield>
  <datafield tag="942" ind1=" " ind2=" ">
    <subfield code="c">GB</subfield>
    <subfield code="2">lcc</subfield>
  </datafield>
  <datafield tag="996" ind1=" " ind2=" ">
    <subfield code="a">chunbijaya.r</subfield>
    <subfield code="b">CATSTF	</subfield>
    <subfield code="c">2024-05-15</subfield>
  </datafield>
  <datafield tag="996" ind1=" " ind2=" ">
    <subfield code="a">saiphon.d</subfield>
    <subfield code="b">CATSTF	</subfield>
    <subfield code="c">2024-05-15</subfield>
  </datafield>
  <datafield tag="999" ind1=" " ind2=" ">
    <subfield code="c">105154</subfield>
    <subfield code="d">105154</subfield>
  </datafield>
  <datafield tag="998" ind1=" " ind2=" ">
    <subfield code="j">8</subfield>
    <subfield code="k"> &#xE19;&#xE32;&#xE22;&#xE1A;&#xE31;&#xE13;&#xE11;&#xE34;&#xE15;  &#xE2D;&#xE38;&#xE17;&#xE32;&#xE27;&#xE07;&#xE04;&#xE4C;</subfield>
  </datafield>
  <datafield tag="952" ind1=" " ind2=" ">
    <subfield code="0">0</subfield>
    <subfield code="1">0</subfield>
    <subfield code="2">lcc</subfield>
    <subfield code="4">0</subfield>
    <subfield code="7">0</subfield>
    <subfield code="8">CGBL</subfield>
    <subfield code="a">NALT</subfield>
    <subfield code="b">NALT</subfield>
    <subfield code="c">GEN</subfield>
    <subfield code="d">2024-05-15</subfield>
    <subfield code="l">4</subfield>
    <subfield code="m">3</subfield>
    <subfield code="o">BF 575.H27 &#xE1E;499&#xE23; 2561</subfield>
    <subfield code="p">3961222992</subfield>
    <subfield code="r">2025-07-29 00:00:00</subfield>
    <subfield code="s">2025-07-14</subfield>
    <subfield code="w">2024-05-15</subfield>
    <subfield code="y">GB</subfield>
  </datafield>
</record>
